| 000 | 00342nam a22001457a 4500 | ||
|---|---|---|---|
| 003 | OSt | ||
| 005 | 20220216101242.0 | ||
| 008 | 220216b |||||||| |||| 00| 0 eng d | ||
| 020 | _a9788126537280 | ||
| 040 | _cH U | ||
| 082 |
_26th _a629.8 |
||
| 100 |
_aNise Norman S. _930646 |
||
| 245 | _aControl Systems Engineering | ||
| 942 |
_2ddc _cBOOKS _n0 |
||
| 999 |
_c30534 _d30534 |
||